|
|
|
|
| LEADER |
00859nam a2200217 a 4500 |
| 001 |
407860 |
| 008 |
091230s1984 bg b 000 0 eng d |
| 010 |
|
|
|a 79907838
|
| 040 |
|
|
|a DLC
|c DLC
|d DLC
|d BD-DhAAL
|
| 082 |
0 |
0 |
|a 016.3054/09549/2
|2 19
|
| 100 |
0 |
|
|a Mahmuda Islam.
|
| 245 |
1 |
0 |
|a Bibliography on Bangladesh women, with annotation /
|c Mahmuda Islam.
|
| 260 |
|
|
|a Dacca :
|b Women for Women Research and Study Group,
|c 1984
|
| 300 |
|
|
|a xiv, 104 p. ;
|c 22 cm.
|
| 504 |
|
|
|a Includes bibliographical references.
|
| 541 |
1 |
|
|e 00005341
|
| 650 |
|
0 |
|a Women
|z Bangladesh
|x Bibliography.
|
| 650 |
|
0 |
|a Women
|z Bengal
|x Bibliography.
|
| 852 |
4 |
|
|a Ayesha Abed Library
|j General Shelf.
|
| 999 |
|
|
|c 6525
|d 6525
|
| 952 |
|
|
|0 0
|1 0
|2 ddc
|4 0
|6 016_305409549200000_HAH_1984
|7 0
|9 6622
|a BRACUL
|b BRACUL
|c GEN
|d 2009-12-30
|g 30.00
|l 0
|o 016.3054095492 HAH
|p 3010005341
|r 2009-12-30
|t 1
|w 2009-12-30
|y BK
|